000 00591cam a22001577a 4500
008 180718b1984 xxu||||| |||| 00| 0 eng d
082 _aP4x54 N213
100 _aRaja, Moonis
245 _aSchool accessibility in India: the regional dimension
_cby Moonis Raja, Aijazuddin Ahmad and Sheel Chand Nuna
260 _aDelhi
_bNational Institute of Educational Planning and Administration
_c1984
300 _a29p.
650 _aSchools - India
700 _aNational Institute of Educational Planning and Administration, New Delhi
700 _aSheel Chand
700 _aAhmad, Aijazuddin, Nuna
999 _c477204
_d477204